000 00314nam a22001337a 4500
008 250801b |||||||| |||| 00| 0 eng d
020 _a0471288357
050 _aHD69
_b.K47
100 _aKARZNER, Harold
245 _aProject Management
260 _aCanada
_bJohn Wiley
_c1998
300 _axx, 1180p.
942 _cBK
999 _c4400
_d4400